| 000 | 01605nam0a2200361 4500 | ||
|---|---|---|---|
| 001 | RU\NLR\BIBL_A\022650336 | ||
| 005 | 20260114164855.0 | ||
| 010 |
_a978-5-04-214817-0 _94000 |
||
| 021 |
_aRU _bКН-П-25-054095 _9КН-П-25-5215 |
||
| 035 | _a(NLR Aleph) 022650336 | ||
| 090 |
_a13514112 _c13514112 |
||
| 100 | _a20251021d2025 u y0rusy50 ca | ||
| 101 | 0 | _arus | |
| 102 | _aRU | ||
| 105 | _ay z 000zy | ||
| 181 | 0 |
_ai4 _baxxe |
|
| 182 | 0 | _an | |
| 200 | 1 |
_aЕсли ты сможешь договориться с Богом _eитальянский бестселлер об искусстве убеждения и управления реальностью _fПаоло Борзакьелло _g[перевод О.В. Григорьевой] |
|
| 203 |
_aТекст _bвизуальный _cнепосредственный |
||
| 210 |
_aМосква _cЭксмо, Бомбора _d2025 |
||
| 215 |
_a268, [1] c. _d18 |
||
| 225 | 1 |
_aКниги, о которых говорят _iПоразительно |
|
| 300 | _aЗагл. и авт. ориг.: La parola magica/ Paolo Borzacchiello | ||
| 333 | _a16+ | ||
| 454 | 0 |
_12001#$aLa parola magica$fPaolo Borzacchiello _1700#1$aBorzacchiello$bP.$gPaolo |
|
| 606 | 1 |
_aМежличностные отношения _jПопулярные издания _2nlr_sh1 _2nlr_sh2 _3RU\NLR\AUTH\66392074 |
|
| 686 | 1 | _aШ6(4Ит)67-440.4{Лх1609-50} | |
| 686 | 1 | _aС550.353я9 | |
| 700 | 1 |
_aБорзакьелло _bП. _gПаоло |
|
| 942 | _cBOOK | ||
| 980 | _aNB | ||